[Event "Isey Skyr Open 2019"]
[Site "Selfoss"]
[Date "2019.11.20"]
[Round "2.1"]
[White "Gretarsson, Helgi Ass"]
[Black "Leitao, Rafael"]
[Result "1/2-1/2"]
[WhiteElo "2415"]
[BlackElo "2606"]
[Annotator "TA"]
[PlyCount "55"]
[EventDate "2019.11.21"]
[EventType "swiss"]
[EventCountry "ISL"]
[SourceTitle "playchess.com"]
[Source "ChessBase"]
[SourceQuality "1"]

{[%evp 21,55,8,8,-5,-11,-6,-18,-11,-14,-10,-15,-10,0,0,0,0,0,0,0,0,0,0,0,0,0,0,0,0,0,0,0,0,0,0,0,0]} 1. Nf3 Nf6 2. c4 e6 3. g3 d5 4. d4 Be7 5. Bg2 O-O 6. O-O c6 7. Qc2 b6 8. Nbd2 Bb7 9. e4 dxc4 10. Nxc4 Nbd7 11. Rd1 c5 {The position is equal.} 12. Ng5 {E09: Closed Catalan: Main Line: 7 Qc2 c6 8 Nbd2} h6 {[#] And now ...cxd4 would win.} 13. e5 Bxg2 14. exf6 Nxf6 {Hoping for ...Bb7.} 15. Kxg2 hxg5 16. dxc5 Qc7 17. Bxg5 Qxc5 18. h4 $146 ({Predecessor:} 18. Bxf6 Bxf6 19. Rac1 Rac8 {0-1 (40) Sheng,J (2483)-Liang,A (2599) Greensboro 2019}) 18... Rac8 {[#] ...Qc6+ is the strong threat.} 19. Rac1 $1 Qc6+ 20. Kg1 b5 21. Ne3 Qxc2 (21... Qb7 {keeps more tension.} 22. Qe2 a6 23. Ng4 Nxg4 24. Qxg4 Rxc1 25. Rxc1 Bxg5 26. hxg5 Qd5) 22. Rxc2 Rxc2 23. Nxc2 Rc8 24. Ne3 Kf8 25. Kg2 Ke8 26. Kf3 Nd7 27. Bxe7 Kxe7 28. Ke2 {Accuracy: White = 65%, Black = 90%.} 1/2-1/2

[Event "Isey Skyr Open 2019"]
[Site "Selfoss"]
[Date "2019.11.20"]
[Round "2.2"]
[White "Khademalsharieh, Sarasadat"]
[Black "Steingrimsson, Hedinn"]
[Result "1-0"]
[WhiteElo "2491"]
[BlackElo "2549"]
[Annotator "ChessBase"]
[PlyCount "51"]
[EventDate "2019.11.21"]
[EventType "swiss"]
[EventCountry "ISL"]
[SourceTitle "playchess.com"]
[Source "ChessBase"]
[SourceQuality "1"]
[TimeControl "40/5400+30:900+30"]

1. d4 {[%emt 0:00:00]} Nf6 {[%emt 0:02:05]} 2. c4 {[%emt 0:00:00]} e6 {[%emt 0:00:05]} 3. Nf3 {[%emt 0:00:02]} d5 {[%emt 0:00:05]} 4. Nc3 {[%emt 0:00:14]} c6 {[%emt 0:00:04]} 5. e3 {[%emt 0:00:24]} Nbd7 {[%emt 0:00:22]} 6. Qc2 {[%emt 0:00:19]} Bd6 {[%emt 0:00:08]} 7. b3 {[%emt 0:00:22]} O-O {[%emt 0:00:09]} 8. Be2 {[%emt 0:00:02]} b6 {[%emt 0:00:07]} 9. O-O {[%emt 0:00:19]} Bb7 {[%emt 0:00:02]} 10. Bb2 {[%emt 0:00:07]} Qe7 {[%emt 0:01:11]} 11. Rad1 {[%emt 0:00:27]} Rad8 {[%emt 0:01:05]} 12. e4 {[%emt 0:02:59]} Nxe4 {[%emt 0:06:44]} 13. Nxe4 {[%emt 0:00:07]} dxe4 {[%emt 0:00:05]} 14. Qxe4 {[%emt 0:00:05]} f5 {[%emt 0:02:09]} 15. Qc2 {[%emt 0:02:11]} Nf6 {[%emt 0:05:53]} 16. Ne5 {[%emt 0:10:07]} c5 {[%emt 0:01:36]} 17. Qc1 {[%emt 0:14:58]} Qc7 {[%emt 0:13:18]} 18. Qe3 {[%emt 0:11:37]} Ne4 {[%emt 0:03:54]} 19. f4 {[%emt 0:07:07]} g5 {[%emt 0:14:04]} 20. Bd3 {[%emt 0:06:13]} cxd4 {[%emt 0:15:08]} 21. Bxd4 {[%emt 0:00:17]} gxf4 {[%emt 0:00:47]} 22. Qxf4 {[%emt 0:00:06]} Rf7 {[%emt 0:02:51]} 23. Bxe4 {[%emt 0:03:24]} Bxe4 {[%emt 0:00:07]} 24. Qh6 {[%emt 0:05:48]} Re7 {[%emt 0:07:57]} 25. Qf6 {[%emt 0:05:12]} Bc5 {[%emt 0:07:49]} 26. Nf7 {[%emt 0:01:08]} 1-0

[Event "Isey Skyr Open 2019"]
[Site "Selfoss"]
[Date "2019.11.20"]
[Round "2.3"]
[White "Lomasov, Semyon"]
[Black "Zhigalko, Sergei"]
[Result "1-0"]
[WhiteElo "2553"]
[BlackElo "2574"]
[Annotator "ChessBase"]
[PlyCount "73"]
[EventDate "2019.11.21"]
[EventType "swiss"]
[EventCountry "ISL"]
[SourceTitle "playchess.com"]
[Source "ChessBase"]
[SourceQuality "1"]
[TimeControl "40/5400+30:900+30"]

1. e4 {[%emt 0:00:00]} c5 {[%emt 0:00:00]} 2. Nf3 {[%emt 0:00:00]} Nc6 {[%emt 0:00:00]} 3. Bb5 {[%emt 0:00:00]} d6 {[%emt 0:00:00]} 4. O-O {[%emt 0:00:21]} Bd7 {[%emt 0:00:00]} 5. Re1 {[%emt 0:00:20]} Nf6 {[%emt 0:00:14]} 6. c3 {[%emt 0:00:22]} a6 {[%emt 0:00:25]} 7. Bf1 {[%emt 0:00:08]} Bg4 {[%emt 0:01:29]} 8. d4 {[%emt 0:01:04]} cxd4 {[%emt 0:51:38]} 9. cxd4 {[%emt 0:00:06]} e5 {[%emt 0:00:04]} 10. d5 {[%emt 0:00:12]} Nd4 {[%emt 0:00:24]} 11. Be3 {[%emt 0:00:54]} Be7 {[%emt 0:18:00]} 12. Bxd4 {[%emt 0:16:16]} exd4 {[%emt 0:00:05]} 13. Qxd4 {[%emt 0:00:17]} O-O {[%emt 0:00:44]} 14. Nfd2 {[%emt 0:06:48]} Nd7 {[%emt 0:02:47]} 15. e5 {[%emt 0:24:55]} Bf5 {[%emt 0:00:24]} 16. exd6 {[%emt 0:07:48]} Bxd6 {[%emt 0:00:16]} 17. Nc4 {[%emt 0:00:22]} Bc5 {[%emt 0:01:54]} 18. Qf4 {[%emt 0:00:54]} Bg6 {[%emt 0:15:38]} 19. Nc3 {[%emt 0:05:11]} b5 {[%emt 0:00:01]} 20. Nd2 {[%emt 0:00:07]} Nf6 {[%emt 0:01:09]} 21. Nb3 {[%emt 0:16:54]} Bd6 {[%emt 0:00:09]} 22. Qd4 {[%emt 0:00:08]} Qd7 {[%emt 0:03:58]} 23. Bd3 {[%emt 0:03:11]} b4 {[%emt 0:00:46]} 24. Ne4 {[%emt 0:00:23]} Bxe4 {[%emt 0:00:24]} 25. Bxe4 {[%emt 0:00:01]} a5 {[%emt 0:01:11]} 26. Bf3 {[%emt 0:05:09]} a4 {[%emt 0:00:20]} 27. Nd2 {[%emt 0:00:03]} Rac8 {[%emt 0:00:54]} 28. Rac1 {[%emt 0:01:27]} Rc7 {[%emt 0:00:16]} 29. g3 {[%emt 0:06:18]} Rfc8 {[%emt 0:00:11]} 30. Rc6 {[%emt 0:00:31]} a3 {[%emt 0:01:07]} 31. Nc4 {[%emt 0:01:19]} Bxg3 {[%emt 0:01:18]} 32. Nb6 {[%emt 0:01:00]} Bxh2+ {[%emt 0:00:00]} 33. Kxh2 {[%emt 0:00:36]} Qf5 {[%emt 0:00:00]} 34. Nxc8 {[%emt 0:00:23]} Qxf3 {[%emt 0:00:00]} 35. Rxc7 {[%emt 0:00:21]} h5 {[%emt 0:00:01]} 36. bxa3 {[%emt 0:01:19]} h4 {[%emt 0:01:19]} 37. Ne7+ {[%emt 0:00:12]} 1-0

[Event "Isey Skyr Open 2019"]
[Site "Selfoss"]
[Date "2019.11.20"]
[Round "2.4"]
[White "Antipov, Mikhail Al."]
[Black "Stefansson, Hannes"]
[Result "1-0"]
[WhiteElo "2558"]
[BlackElo "2546"]
[Annotator "ChessBase"]
[PlyCount "85"]
[EventDate "2019.11.21"]
[EventType "swiss"]
[EventCountry "ISL"]
[SourceTitle "playchess.com"]
[Source "ChessBase"]
[SourceQuality "1"]
[TimeControl "40/5400+30:900+30"]

1. e4 {[%emt 0:00:00]} e5 {[%emt 0:00:00]} 2. Nf3 {[%emt 0:00:00]} Nf6 {[%emt 0:00:03]} 3. Nxe5 {[%emt 0:00:00]} d6 {[%emt 0:00:11]} 4. Nd3 {[%emt 0:01:06]} Nxe4 {[%emt 0:00:32]} 5. Qe2 {[%emt 0:00:05]} Qe7 {[%emt 0:00:58]} 6. Nf4 {[%emt 0:00:10]} Nf6 {[%emt 0:03:54]} 7. d4 {[%emt 0:01:53]} Qxe2+ {[%emt 0:05:25]} 8. Bxe2 {[%emt 0:00:05]} d5 {[%emt 0:00:41]} 9. Nc3 {[%emt 0:08:34]} c6 {[%emt 0:02:52]} 10. Bd3 {[%emt 0:01:23]} Bd6 {[%emt 0:02:11]} 11. f3 {[%emt 0:07:05]} b6 {[%emt 0:06:35]} 12. Kf2 {[%emt 0:12:34]} O-O {[%emt 0:01:53]} 13. g4 {[%emt 0:01:28]} Ba6 {[%emt 0:05:44]} 14. Nce2 {[%emt 0:06:43]} Bxd3 {[%emt 0:00:50]} 15. Nxd3 {[%emt 0:00:06]} Na6 {[%emt 0:08:46]} 16. Bf4 {[%emt 0:06:45]} Rfd8 {[%emt 0:08:07]} 17. a4 {[%emt 0:19:43]} Bxf4 {[%emt 0:03:28]} 18. Nexf4 {[%emt 0:00:06]} Nd7 {[%emt 0:08:27]} 19. a5 {[%emt 0:00:38]} b5 {[%emt 0:01:19]} 20. c3 {[%emt 0:05:20]} Rac8 {[%emt 0:02:00]} 21. Rae1 {[%emt 0:10:39]} Kf8 {[%emt 0:02:23]} 22. h4 {[%emt 0:00:33]} c5 {[%emt 0:02:22]} 23. Nxd5 {[%emt 0:03:22]} cxd4 {[%emt 0:00:33]} 24. cxd4 {[%emt 0:00:14]} Nf6 {[%emt 0:06:55]} 25. Nxf6 {[%emt 0:00:27]} gxf6 {[%emt 0:01:08]} 26. Rc1 {[%emt 0:04:48]} Rc4 {[%emt 0:04:12]} 27. Nc5 {[%emt 0:01:50]} Nxc5 {[%emt 0:04:13]} 28. dxc5 {[%emt 0:00:06]} Rd2+ {[%emt 0:04:24]} 29. Ke3 {[%emt 0:00:17]} Rdc2 {[%emt 0:00:07]} 30. Rxc2 {[%emt 0:00:34]} Rxc2 {[%emt 0:00:03]} 31. b4 {[%emt 0:00:12]} Rc4 {[%emt 0:01:28]} 32. Rb1 {[%emt 0:00:37]} Ke7 {[%emt 0:01:51]} 33. h5 {[%emt 0:04:24]} h6 {[%emt 0:01:29]} 34. Rb3 {[%emt 0:02:59]} f5 {[%emt 0:06:23]} 35. gxf5 {[%emt 0:01:04]} Rh4 {[%emt 0:00:15]} 36. a6 {[%emt 0:01:23]} Rxh5 {[%emt 0:01:46]} 37. Ke4 {[%emt 0:00:05]} Rh1 {[%emt 0:02:46]} 38. Kd5 {[%emt 0:01:03]} Kd7 {[%emt 0:00:06]} 39. Ke5 {[%emt 0:00:36]} Ke7 {[%emt 0:01:42]} 40. Re3 {[%emt 0:00:00]} Ra1 {[%emt 0:00:00]} 41. Kd5+ {[%emt 0:02:21]} Kd7 {[%emt 0:02:16]} 42. c6+ {[%emt 0:00:17]} Kd8 {[%emt 0:00:34]} 43. f6 {[%emt 0:00:58]} 1-0

[Event "Isey Skyr Open 2019"]
[Site "Selfoss"]
[Date "2019.11.20"]
[Round "2.5"]
[White "Adly, Ahmed"]
[Black "Saduakassova, Dinara"]
[Result "1-0"]
[WhiteElo "2607"]
[BlackElo "2505"]
[Annotator "RC"]
[PlyCount "77"]
[EventDate "2019.11.21"]
[EventType "swiss"]
[EventCountry "ISL"]
[SourceTitle "playchess.com"]
[Source "ChessBase"]
[SourceQuality "1"]
[TimeControl "40/5400+30:900+30"]

1. Nf3 {[%emt 0:02:42]} Nf6 {[%emt 0:00:00]} 2. c4 {[%emt 0:00:06]} c5 {[%emt 0:00:00]} 3. Nc3 {[%emt 0:02:09]} Nc6 {[%emt 0:00:01]} 4. b3 {[%emt 0:02:18]} d5 {[%emt 0:05:37]} 5. cxd5 {[%emt 0:00:10]} Nxd5 {[%emt 0:00:04]} 6. Bb2 {[%emt 0:00:07]} e5 {[%emt 0:02:32]} 7. e3 {[%emt 0:05:21]} Nxc3 {[%emt 0:14:24]} 8. Bxc3 {[%emt 0:00:35]} e4 {[%emt 0:03:48]} 9. Ne5 {[%emt 0:02:38]} Nxe5 {[%emt 0:01:40]} 10. Bxe5 {[%emt 0:00:12]} Qg5 {[%emt 0:05:37]} 11. Bb2 {[%emt 0:06:34]} Bd7 {[%emt 0:01:41]} 12. h4 {[%emt 0:00:47]} Qh6 {[%emt 0:07:06]} 13. Qc2 {[%emt 0:10:07]} Bc6 {[%emt 0:03:30]} 14. O-O-O {[%emt 0:21:24]} O-O-O {[%emt 0:01:43]} 15. g4 {[%emt 0:09:38]} Qd6 {[%emt 0:07:35]} 16. d4 {[%emt 0:00:00]} Be7 {[%emt 0:09:31]} 17. Bc4 {[%emt 0:01:43]} cxd4 {[%emt 0:01:27]} 18. Rxd4 {[%emt 0:03:17]} Qc7 {[%emt 0:06:28]} 19. Rxd8+ {[%emt 0:04:06]} Rxd8 {[%emt 0:02:15]} 20. Bxg7 {[%emt 0:02:53]} f6 {[%emt 0:02:23]} 21. Kb1 {[%emt 0:01:21]} Bb4 {[%emt 0:05:24]} 22. Be6+ {[%emt 0:05:01]} Kb8 {[%emt 0:00:11]} 23. Bh6 {[%emt 0:00:26]} Rd2 {[%emt 0:03:58]} 24. Qc4 {[%emt 0:08:25]} Qa5 {[%emt 0:01:51]} 25. Bf4+ {[%emt 0:00:47]} Ka8 {[%emt 0:00:10]} 26. a4 {[%emt 0:00:21]} Ba3 {[%emt 0:01:27]} 27. Bf5 {[%emt 0:01:31]} Qd8 {[%emt 0:01:35]} 28. Bxe4 {[%emt 0:02:01]} Bxe4+ {[%emt 0:04:09]} 29. Qxe4 {[%emt 0:00:02]} Qg8 {[%emt 0:02:43]} 30. Qc4 {[%emt 0:00:44]} Qxg4 {[%emt 0:01:07]} 31. Bg3 {[%emt 0:02:14]} Qxc4 {[%emt 0:03:55]} 32. bxc4 {[%emt 0:00:02]} h5 {[%emt 0:00:07]} 33. f3 {[%emt 0:02:09]} b6 {[%emt 0:00:51]} 34. Bf4 {[%emt 0:01:08]} Rb2+ {[%emt 0:00:35]} 35. Ka1 {[%emt 0:00:01]} Rf2 {[%emt 0:00:56]} 36. Rd1 {[%emt 0:00:11]} Rxf3 {[%emt 0:00:31]} 37. Rd8+ {[%emt 0:01:45]} Kb7 {[%emt 0:00:05]} 38. Rd7+ {[%emt 0:00:04]} Kc6 {[%emt 0:01:24]} 39. Rc7# {[%emt 0:00:10]} 1-0

[Event "Isey Skyr Open 2019"]
[Site "Selfoss"]
[Date "2019.11.25"]
[Round "4.1"]
[White "Gretarsson, Hjorvar Steinn"]
[Black "Kjartansson, Gudmundur"]
[Result "1-0"]
[WhiteElo "2568"]
[BlackElo "2454"]
[Annotator "TA"]
[PlyCount "103"]
[EventDate "2019.11.21"]
[EventType "swiss"]
[EventCountry "ISL"]
[SourceTitle "playchess.com"]
[Source "ChessBase"]
[SourceQuality "1"]

{[%evp 23,103,41,40,41,41,42,43,43,41,18,60,60,62,57,63,62,76,101,98,21,21,21,22,23,31,24,67,14,28,11,16,0,35,0,0,2,12,14,56,72,58,56,104,98,100,101,118,103,98,94,100,58,61,51,94,81,103,103,118,97,210,216,206,214,311,292,308,328,303,296,357,352,520,534,885,848,742,683,808,770,1260,1228]} 1. c4 g6 2. e4 Bg7 3. d4 c5 4. Nf3 cxd4 5. Nxd4 Nc6 6. Be3 Nf6 7. Nc3 O-O 8. Be2 d6 9. O-O Bd7 10. Qd2 Ng4 11. Bxg4 Bxg4 12. f3 Bd7 13. Rad1 {B38: Sicilian: Maroczy Bind with 5...Bg7 and 7...0-0} (13. Rfd1 a6 14. Nd5 Rc8 15. Rac1 Nxd4 16. Bxd4 Bxd4+ 17. Qxd4 Be6 18. Re1 Re8 19. Nf4 Bd7 20. e5 dxe5 21. Rxe5 {½-½ (35) Mareco,S (2625)-Pascua,H (2427) Dubai 2016}) 13... Re8 14. Rf2 $146 ({Predecessor:} 14. Nd5 Rc8 15. b3 Nxd4 16. Bxd4 Bxd4+ 17. Qxd4 Qa5 18. a4 Be6 19. Rfe1 Bxd5 20. exd5 a6 {0-1 (53) Ng,J (1594)-Ayza Leon,D (2177) Vientiane 2018}) 14... Rc8 15. b3 {White is slightly better.} Qa5 16. f4 f5 17. exf5 gxf5 18. Rf3 Nxd4 19. Bxd4 Bxd4+ 20. Qxd4 {[#] Intending Rg3+ and mate.} Qc5 21. a4 (21. Rg3+ $16 Kf8 22. Qxc5 Rxc5 23. Rh3) 21... Qxd4+ $11 22. Rxd4 Kf7 23. Rh3 Rh8 24. Nd5 Bc6 25. Rh5 (25. Rh6 $14) 25... e6 26. Ne3 Ke7 27. Kf2 Rcg8 28. g4 fxg4 29. f5 $36 {[%mdl 2048] Black is under pressure.} Bd7 30. Rh6 Rf8 31. Rxg4 Rf7 32. Rgh4 exf5 33. Nd5+ Kd8 34. Rxd6 Rg8 35. Rhh6 Kc8 36. a5 Bc6 37. Nf4 Rg4 38. Ke3 Re7+ 39. Rhe6 Rxe6+ 40. Nxe6 $16 {[%csl Ge6][%cal Rd6d8][%mdl 4096] [#] Endgame KRB-KRN} Bd7 {aiming for ...Re4+.} 41. Nf4 h5 (41... Rg7 $16 {was worth a try.}) 42. Rh6 $18 (42. Nxh5 $6 Re4+ 43. Kf2 Bc6 $16) 42... h4 43. b4 a6 (43... Ba4 $142 44. h3 Rg1 45. Rh8+ (45. Rxh4 Re1+ 46. Kd4 Re4+ 47. Kc3 b5 $18) 45... Kc7 46. Rxh4 Re1+ 47. Kd2 Rd1+ 48. Kc3 Rc1+ 49. Kd4 Rd1+ 50. Ke5 Re1+ 51. Kxf5 Bd7+ 52. Kf6 b6 53. axb6+ axb6) 44. h3 Rg8 45. Kd4 ({Don't do} 45. Rxh4 $6 Re8+ 46. Kd4 Ba4 $18) 45... Re8 {And now ...Re4+ would win.} 46. Kc5 ({Resist} 46. Rxh4 $6 Ba4 $18) 46... Re4 47. Nd5 ({Less strong is} 47. Rxh4 Bc6 $18) 47... Re6 (47... Bc6 $142 48. Rh8+ Re8 49. Rxh4 Rf8) 48. Rxh4 {White is clearly winning.} Rc6+ 49. Kd4 Re6 50. Rh8+ Be8 51. Rf8 Kd8 52. Nf6 {Accuracy: White = 64%, Black = 41%.} 1-0

[Event "Isey Skyr Open 2019"]
[Site "Selfoss"]
[Date "2019.11.25"]
[Round "4.2"]
[White "Stefansson, Vignir Vatnar"]
[Black "Thorfinnsson, Bragi"]
[Result "1-0"]
[WhiteElo "2338"]
[BlackElo "2446"]
[Annotator "TA"]
[PlyCount "125"]
[EventDate "2019.11.21"]
[EventType "swiss"]
[EventCountry "ISL"]
[SourceTitle "playchess.com"]
[Source "ChessBase"]
[SourceQuality "1"]

{[%evp 13,125,8,8,7,63,63,60,56,76,62,56,60,56,55,95,98,90,92,95,71,98,67,70,66,73,71,85,76,87,83,77,79,83,103,135,137,133,136,129,129,172,112,145,153,157,187,185,194,218,158,209,224,218,208,339,346,352,346,333,331,422,402,706,698,627,232,232,232,233,232,243,242,241,236,234,217,247,237,334,327,341,355,450,447,372,424,504,292,295,268,359,359,465,465,528,499,479,505,454,447,642,637,601,606,781,835,779,771,29970,29971,29976,29975,29984,29985]} 1. c4 Nf6 2. Nc3 c5 3. Nf3 g6 4. g3 b6 5. Bg2 Bb7 6. O-O Bg7 7. Re1 O-O 8. e4 {A30: Symmetrical English: Double Fianchetto and Hedgehog} d6 ({Black should play} 8... Nc6 $11) 9. d4 $14 cxd4 10. Nxd4 {White is slightly better.} Qc8 (10... Nfd7 11. Bg5 h6 12. Be3 a6 13. Qd2 Kh7 14. Rad1 Nc6 15. b3 Rc8 16. Nd5 {1-0 (53) Grachev,B (2621)-Predke,A (2632) Riga 2019}) 11. b3 Nc6 {And now ...Nxd4 would win.} 12. Bb2 Nxd4 13. Qxd4 e5 $146 ({Predecessor:} 13... Re8 14. Nd5 Bxd5 15. cxd5 Qd7 {1-0 (51) Kraus,T (2290)-Vaculik,M (2277) Czechia 2013}) 14. Qd3 ({Much worse is} 14. Qxd6 $6 Rd8 $11) 14... Rd8 15. Rad1 Bc6 16. Rd2 h5 17. h4 Qb7 18. Red1 Bh6 19. Rc2 a6 20. a4 Rab8 21. b4 Bf8 22. Bc1 Rdc8 23. Bg5 Ne8 24. Bh3 $36 {[%mdl 2048] White is in control.} Bd7 25. Bxd7 Qxd7 26. b5 axb5 27. axb5 (27. cxb5 $18 Nc7 28. Be3) 27... Nc7 28. Be3 Qg4 29. Kg2 Be7 30. f3 Qe6 31. Rdc1 Ne8 (31... Qd7 $16 {might work better.} 32. Na4 Na8) 32. Nd5 $18 Bd8 33. Ra1 Rb7 (33... Nf6 {was called for.} 34. Ra7 Nd7) 34. Ra6 Rcb8 35. Nb4 Rc8 36. Nc6 Bc7 37. Qd5 Kf8 (37... Qxd5 $142 38. cxd5 Kh7) 38. Bh6+ Ng7 39. Nxe5 $2 (39. Rca2) 39... Qxd5 40. Nd7+ ({But not} 40. cxd5 $6 dxe5 41. d6 Kg8) 40... Ke7 41. cxd5 {Hoping for Nxb6.} (41. exd5 $2 {too greedy.} Nf5 $17) 41... Ne8 42. Nxb6 {[%mdl 64] [#] Pin} Rcb8 43. Nc4 Rxb5 44. Rc6 Kd7 45. Bf4 f6 (45... Rb1 {is a better defense.} 46. Ra2 Kd8 47. Bg5+ f6) 46. Ra2 Ke7 47. Raa6 Rd8 48. g4 hxg4 49. fxg4 Rd7 50. Ne3 Rb4 51. Kf3 Rb3 52. h5 g5 53. Bg3 Kf7 54. Ke2 Re7 55. Ra4 Rb2+ 56. Kd3 Rb3+ (56... Bb8 $142 57. Nf5 Reb7) 57. Rc3 Rxc3+ 58. Kxc3 Bb6 59. Nf5 {[%mdl 64] [#] Double Attack} Rc7+ 60. Kd3 Bc5 61. h6 {White mates.} Kf8 62. Ra8 Rh7 63. Bxd6+ {Accuracy: White = 84%, Black = 42%.} 1-0

[Event "Isey Skyr Open 2019"]
[Site "Selfoss"]
[Date "2019.11.25"]
[Round "4.3"]
[White "Petursson, Gudni"]
[Black "Gunnarsson, Jon Viktor"]
[Result "0-1"]
[WhiteElo "2045"]
[BlackElo "2439"]
[Annotator "TA"]
[PlyCount "60"]
[EventDate "2019.11.21"]
[EventType "swiss"]
[EventCountry "ISL"]
[SourceTitle "playchess.com"]
[Source "ChessBase"]
[SourceQuality "1"]

{[%evp 11,62,0,11,13,16,-4,7,0,-6,13,4,-49,-53,-54,-41,-59,-72,-133,-143,-136,-142,-137,-66,-59,-68,-235,-230,-274,-218,-208,-220,-371,-361,-475,-483,-445,-313,-324,-262,-463,-436,-362,-206,-178,-139,-186,-97,-1285,-1095,-29987,-29988,-29996,-29997]} 1. c4 c5 2. Nc3 g6 3. Nf3 Bg7 4. g3 Nc6 5. Bg2 d6 6. O-O Bf5 7. d3 {A37: Symmetrical English vs ...g6: 4 Bg2 Bg7 5 Nf3} (7. h3 Nf6 8. d3 O-O 9. Be3 a6 10. Qd2 b5 11. cxb5 axb5 12. Nxb5 Qa5 13. Nc3 Rab8 14. Rfc1 Rfc8 {1-0 (43) Carlsen,M (2845)-Vachier Lagrave,M (2773) Karlsruhe/Baden Baden 2019}) 7... Qd7 8. e4 Bh3 $146 ({Predecessor:} 8... Bg4 9. Be3 h5 10. h4 Ne5 11. Nxe5 Bxe5 12. Qd2 Bh3 13. d4 Bxg2 14. Kxg2 cxd4 15. Bxd4 Bxd4 16. Qxd4 {1-0 (38) Sigurpalsson,R (2250)-Bergsson,S (2249) Reykjavik 2019}) 9. Be3 {The position is equal.} h5 10. Bxh3 Qxh3 11. Ng5 (11. Nd5 $11 Qd7 12. Rb1) 11... Qd7 $15 12. f4 Nh6 13. Kg2 h4 14. Rh1 (14. gxh4 $142 Ng4 15. Bg1) 14... h3+ 15. Kf1 Ng4 16. Qe2 Nd4 ({Better is} 16... Bd4 $17 17. Nd5 Nxe3+ 18. Nxe3 Rb8) 17. Bxd4 $1 cxd4 18. Nb5 $2 (18. Nd5 $15) 18... Ne3+ $19 19. Kf2 a6 20. Na3 {[#]} e5 $1 21. fxe5 $2 (21. Rhg1) 21... dxe5 22. Nc2 Bh6 23. Nf3 Ng4+ 24. Ke1 O-O 25. Nb4 $2 (25. Nh4) 25... Ne3 26. Nd5 {aiming for Nf6+.} Qd6 (26... f5 $142 {Threatens to win with ...fxe4.} 27. Nxe3 dxe3 28. Nxe5 Qd6) 27. Nxe3 dxe3 28. g4 {intending g5.} f5 (28... Bf4 $19 29. Ng1 b5) 29. g5 $2 {[%mdl 8192]} (29. gxf5 $17 gxf5 30. Rg1+ Kh8 31. Rg3) 29... fxe4 30. dxe4 {[#]} Qb4+ {Played: Rf8xf3} 0-1

[Event "Isey Skyr Open 2019"]
[Site "Selfoss"]
[Date "2019.11.25"]
[Round "4.4"]
[White "Hardarson, Petur Palmi"]
[Black "Kjartansson, David"]
[Result "1-0"]
[WhiteElo "1993"]
[BlackElo "2385"]
[Annotator "TA RC"]
[PlyCount "135"]
[EventDate "2019.11.21"]
[EventType "swiss"]
[EventCountry "ISL"]
[SourceTitle "playchess.com"]
[Source "ChessBase"]
[SourceQuality "1"]

{[%evp 12,135,0,-1,5,10,10,4,18,0,0,0,7,-2,18,16,49,49,63,58,87,74,95,93,112,96,119,0,135,141,134,150,145,133,176,187,210,178,242,215,256,208,241,221,222,237,250,213,205,186,180,168,168,183,176,175,180,146,183,183,204,204,206,207,214,210,281,204,202,179,243,246,269,266,339,347,329,336,315,282,255,283,270,267,431,409,536,528,488,398,527,479,491,487,608,568,542,374,342,317,591,585,704,670,1277,1277,945,679,737,720,962,952,867,731,12841,12842,12842,12843,12844,12844,12845,12845,12846,12846,12848,12848]} 1. d4 Nf6 2. c4 e6 3. Nf3 Bb4+ 4. Nbd2 O-O 5. a3 Be7 6. g3 d5 7. Bg2 Nbd7 {E11: Bogo-Indian} (7... b6 8. O-O Bb7 9. cxd5 exd5 10. b4 Nbd7 11. Ne5 c6 12. Ndf3 Ne4 13. Qc2 Rc8 14. Bh3 f5 15. Bb2 Nd6 16. Rac1 Qe8 17. Nxd7 Qxd7 {½-½ (62) Miton,K (2588)-Sargissian,G (2689) St Petersburg 2018}) 8. O-O b6 9. cxd5 exd5 {The position is equal.} 10. Nb1 $146 ({Predecessor:} 10. Nh4 Bb7 11. Nf5 Re8 12. Nxe7+ Qxe7 13. Re1 c5 14. Nf3 Ne4 15. Bf4 {1-0 (38) Guo,W (1684)-Wan,Q (1637) Wuxi 2016}) 10... Bb7 11. Nc3 Ne4 12. Bf4 Nxc3 13. bxc3 b5 14. a4 bxa4 15. Qxa4 Nb6 16. Qa5 g5 17. Bc1 Nc4 18. Qb5 Nd6 19. Qa5 ({White should try} 19. Qa4 $16) 19... f6 (19... Nc4 $11 20. Qb5 Nd6) 20. Nd2 $16 c6 21. Qa2 Nb5 22. Bb2 Kg7 23. c4 dxc4 24. Qxc4 Qd7 (24... a5 $142 25. Rfc1 Bb4) 25. Rfc1 Rac8 26. Ne4 h6 27. Nc5 Bxc5 28. Qxc5 Rfd8 29. Be4 Rc7 30. Bd3 a6 31. e3 Qd5 32. Qxd5 Rxd5 33. Be4 Rd8 34. Ba3 Ra8 35. Bb4 Kf7 36. Rc5 Re8 37. Bf3 Kg6 38. Rac1 h5 39. Bxc6 Bxc6 40. Rxc6 Ra7 (40... Rec8 $142 41. d5 Rxc6 42. dxc6 Nc7) 41. Ba5 g4 42. Rb6 Kf5 43. Rc5+ Kg6 44. Rcc6 Rf8 45. Rxa6 Rxa6 46. Rxa6 $18 {[%mdl 4096] Endgame KRB-KRN} Rc8 {If Black can now play ...Rc1+ this consolidates a bit.} 47. Kg2 Rc2 $2 (47... Kf5 48. h3 Nc3) 48. Bd8 Kf5 49. Rxf6+ Ke4 50. Rh6 Rc8 51. Bg5 Nc3 52. Rxh5 Ne2 53. h3 Rc1 {intending ...Rg1+.} 54. hxg4 Rg1+ 55. Kh2 Kf3 $2 (55... Rf1 56. f3+ Rxf3) 56. Bh6 {White is clearly winning.} Rg2+ 57. Kh3 {[#] aiming for Rf5+.} Kxf2 {( -> ...Ng1+)} 58. Rf5+ Kg1 59. Kh4 Nxg3 60. Ra5 Ne2 61. Ra1+ Kf2 62. d5 {Hoping for d6.} Kf3 63. Rf1+ Ke4 64. d6 Nc3 65. d7 Rd2 66. Rf4+ Ke5 {[#]} 67. Rd4 $1 Ne4 (67... Rxd4 68. exd4+) 68. Rxd2 {Accuracy: White = 76%, Black = 35%.} 1-0